000 00644 a2200193 4500
999 _c6291
_d6291
020 _a9780750681100
050 0 0 _aTX911.5 ALT 2008
100 1 _aAltinay, Levent,
_eauthor.
245 1 0 _aPlanning research in hospitality and tourism /
_cLevent Altinay, & Alexandros Paraskevas
250 _a1st edition.
264 1 _aAmsterdam :
_bButterworth-Heinemann
_c2008.
300 _a247p. ;
_bill.
500 _aIncludes index
504 _aIncludes bibliographical references
650 _aHospitality industry -- Research
650 _aTourism -- Research
700 _aParaskevas, Alexandros
_eauthor
942 _2lcc
_cBK
_e1st ed.
_h911.5
_iALT
_kTX